000 01296cam a22003857a 4500
001 000094088
003 CHAP
005 20240515141618.0
008 050719d2001 wau r 001 0 eng d
010 _a90554
011 _a91526
020 _a0309069971
035 _a102085
040 _cCHAP
082 0 4 _a636.2085
_bN3 2001
110 2 _aNational Research Council. Washington. Subcommittee on Swine Nutrition
_980375
245 1 0 _aNutrient requirements of dairy cattle /
_c/by National Research Council. Subcommittee on Beef Catle Nutrition.
250 _a7 ed. rev.
260 _aWashington, D. C. :
_bNational Academy Press,
_c2001.
300 _a381 p. :
_b+ 1 disco compacto 4 3/4 plgs.
490 0 _aNutrient requirements of domestic animals
590 _aBATCH-UPD
_b10
_c20130110
590 _aBATCH-UPD
_b10
_c20130410
590 _aBATCH-UPD
_b10
_c20130914
590 _aCONVERSION
_b10
_c20130109
590 _aE11695DGD
_b10
_c20150521
650 1 4 _aAlimentos y alimentacion del ganado.
_94326
650 1 4 _aGanado lechero
_xNutrición.
_945281
650 1 4 _aNutrición animal.
830 0 _aAnimal Nutrition Series (National Academies of Sciences, Engineering, and Medicine)
_982288
901 _aBK
905 _aLilia
942 _cCD
_2ddc
942 _n0
_2ddc
999 _c90554
_d90554